书目信息 |
| 题名: |
微生物学
|
|
| 作者: | 黄秀梨 主编 | |
| 分册: | ||
| 出版信息: | 北京 高等教育出版社 1998.06 |
|
| 页数: | 275页 | |
| 开本: | 26cm | |
| 丛书名: | ||
| 单 册: | ||
| 中图分类: | Q93 | |
| 科图分类: | ||
| 主题词: | 微生物学 | |
| 电子资源: | ||
| ISBN: | 7-04-006573-8 | |
| 000 | 00532nam0 2200193 45 | |
| 001 | 0260857796 | |
| 005 | 2002061016541678 | |
| 010 | @a7-04-006573-8@dRMB 14.50 | |
| 100 | @a20020610d1998 km y0chiy0120 ea | |
| 101 | 0 | @achi |
| 102 | @aCN@b110000 | |
| 200 | 1 | @a微生物学@AWei Sheng Wu Xue@f黄秀梨主编@Fhuang xiu li zhu bian |
| 210 | @a北京@c高等教育出版社@d1998.06 | |
| 215 | @a275页@d26cm | |
| 606 | 0 | @a微生物学 |
| 690 | @aQ93@v3 | |
| 701 | 0 | @a黄秀梨@Ahuang xiu li@4主编 |
| 801 | 0 | @aCN@bPFT@c20020610 |
| 905 | @a安徽大学@dQ93@eH900 | |
| 微生物学/黄秀梨主编.-北京:高等教育出版社,1998.06 |
| 275页;26cm |
| ISBN 7-04-006573-8:RMB 14.50 |
| ● |
| 相关链接 |
|
|
|
正题名:微生物学
索取号:Q93/H900
 
预约/预借
| 序号 | 登录号 | 条形码 | 馆藏地/架位号 | 状态 | 备注 |
| 1 | 362748 | 203627487 | 自科库401/401自科库 31排3列4层/ [索取号:Q93/H900] | 在馆 | |
| 2 | 362749 | 203627496 | 自科库401/401自科库 31排3列4层/ [索取号:Q93/H900] | 在馆 | |
| 3 | 362750 | 203627502 | 自科库401/401自科库 31排3列4层/ [索取号:Q93/H900] | 在馆 |